000 00777nam a2200229Ii 4500
003 JO-AjNU
008 230605s9999||||xx |||||||||||||| ||und||
017 _a2019/4487
020 _a978-9923-28-030-0
040 _aJO-AjNU
_bara
_erda
_cJO-AjNU
041 _aara
050 1 4 _aHF5655.A25.2020
100 3 _aالاعاجيبي، عقيل دخيل كريم وآخرون,
_eauthor
_961496
245 0 0 _aالمحاسبة المالية المتقدمة في الشركات
250 _aط1
264 3 1 _aعمان: دار صفاء للنشر والتوزيع، 2020
300 _a560ص
336 _atext
_btxt
_2rdacontent
337 _aunmediated
_bn
_2rdamedia
338 _avolume
_bnc
_2rdacarrier
650 4 _aالمحاسبة المالية-المحاسبة
_961497
999 _aA27800
_c31368
_d31368